LEADER 02023nam 2200469z- 450 001 9910557413503321 005 20211118 035 $a(CKB)5400000000043560 035 $a(oapen)https://directory.doabooks.org/handle/20.500.12854/74279 035 $a(oapen)doab74279 035 $a(EXLCZ)995400000000043560 100 $a20202111d2020 |y 0 101 0 $aeng 135 $aurmn|---annan 181 $ctxt$2rdacontent 182 $cc$2rdamedia 183 $acr$2rdacarrier 200 00$aWild Plants as Source of New Crops 210 $cFrontiers Media SA$d2020 215 $a1 online resource (135 p.) 311 08$a2-88966-143-1 330 $aThis eBook is a collection of articles from a Frontiers Research Topic. Frontiers Research Topics are very popular trademarks of the Frontiers Journals Series: they are collections of at least ten articles, all centered on a particular subject. With their unique mix of varied contributions from Original Research to Review Articles, Frontiers Research Topics unify the most influential researchers, the latest key findings and historical advances in a hot research area! Find out more on how to host your own Frontiers Research Topic or contribute to one as an author by contacting the Frontiers Editorial Office: frontiersin.org/about/contact 606 $aBotany & plant sciences$2bicssc 606 $aScience: general issues$2bicssc 610 $abreeding 610 $acrop wild relatives 610 $adomestication 610 $aethnobotany 610 $agenetic diversity 610 $aneo-domestication 615 7$aBotany & plant sciences 615 7$aScience: general issues 700 $aSmękal$b Petr$4edt$01287845 702 $aVon Wettberg$b Eric$4edt 702 $aDavis$b Thomas M$4edt 702 $aSmękal$b Petr$4oth 702 $aVon Wettberg$b Eric$4oth 702 $aDavis$b Thomas M$4oth 906 $aBOOK 912 $a9910557413503321 996 $aWild Plants as Source of New Crops$93020476 997 $aUNINA